|
|
|
|
| LEADER |
00000cam a2200000 7i4500 |
| 001 |
0000008928 |
| 002 |
000009729 |
| 005 |
20070924.0 |
| 020 |
|
|
|a 9676902675
|
| 090 |
0 |
0 |
|a 297.577
|b MIF
|
| 100 |
0 |
|
|a Miftah Faridl
|
| 245 |
1 |
0 |
|a Nama-Nama Muslim
|c Miftah Faridl
|
| 260 |
|
|
|a Batu Caves :
|b Thinker's Library ,
|c 1989
|
| 300 |
|
|
|a 113 p. ;
|c 23 cm.
|
| 650 |
0 |
0 |
|a Names, Personal
|x Islamic
|
| 999 |
|
|
|a 043847
|b BUKU
|c PINJAMAN
|e PERPUSTAKAAN KOMUNITI PETALING JAYA
|
| 999 |
|
|
|a 046360
|b BUKU
|c PINJAMAN
|e PERPUSTAKAAN KOMUNITI CAW KOTA DAMANSARA
|
| 999 |
|
|
|a 046361
|b BUKU
|c PINJAMAN
|e PERPUSTAKAAN KOMUNITI CAW KOTA DAMANSARA
|